| 000 | 03463cam a22012734i 4500 | ||
|---|---|---|---|
| 003 | PE-LiUPU | ||
| 005 | 20250813185647.0 | ||
| 008 | 990810s1995 ck ad 000 0 spa d | ||
| 020 | _a9582000244 | ||
| 020 | _a9789582000240 | ||
| 035 | _a(Sirsi) i9789582000240 | ||
| 040 |
_aPUJAV _bspa _cPUJAV _dPE-LiUPU _erda |
||
| 049 | _aPRUA | ||
| 082 | 0 | 4 |
_a371.207 _bC48 _220 |
| 100 | 1 |
_aCerda Gutiérrez, Hugo _d1938-, _eautor. |
|
| 245 | 1 | 0 |
_aComo elaborar proyectos : _bDiseño, ejecución y evaluación de proyectos sociales y educativos / _cHugo Cerda Gutierrez. |
| 250 | _a3a edición. | ||
| 264 |
_aBogotá : _bMagisterio, _c1995. |
||
| 300 |
_a156 páginas ; _c23 centímetros. |
||
| 336 |
_text _2rdacontent |
||
| 337 |
_unmediated _2rdamedia |
||
| 338 |
_volume _2rdacarrier |
||
| 490 | 1 |
_aColección mesa redonda _v16 |
|
| 504 | _aBliografía : páginas 145-148. | ||
| 505 | 2 | _a¿Qué es un proyecto? -- Tipos y modalidades de proyectos -- Guia para la presentación y elaboración de proyectos. | |
| 526 | _aP202 | ||
| 526 | _aP201 | ||
| 526 | _aP163 | ||
| 526 | _aP162 | ||
| 526 | _aP161 | ||
| 526 | _aP160 | ||
| 526 | _aP148 | ||
| 526 | _aP147 | ||
| 526 | _aP146 | ||
| 526 | _aP145 | ||
| 526 | _aP144 | ||
| 526 | _aP143 | ||
| 526 | _aP142 | ||
| 526 | _aP141 | ||
| 526 | _aP140 | ||
| 526 | _aP139 | ||
| 526 | _aP138 | ||
| 526 | _aP137 | ||
| 526 | _aP136 | ||
| 526 | _aP135 | ||
| 526 | _aP134 | ||
| 526 | _aP133 | ||
| 526 | _aP129 | ||
| 526 | _aP128 | ||
| 526 | _aP127 | ||
| 526 | _aP120 | ||
| 526 | _aP119 | ||
| 526 | _aP118 | ||
| 526 | _aP116 | ||
| 526 | _aP115 | ||
| 526 | _aP114 | ||
| 526 | _aP110 | ||
| 526 | _aP109 | ||
| 526 | _aP108 | ||
| 526 | _aP104 | ||
| 526 | _aP103 | ||
| 526 | _aP102 | ||
| 526 | _aP99 | ||
| 526 | _aP98 | ||
| 526 | _aP97 | ||
| 526 | _aP96 | ||
| 526 | _aP95 | ||
| 526 | _aP93 | ||
| 526 | _aP90 | ||
| 526 | _aP89 | ||
| 526 | _aP88 | ||
| 526 | _aP83 | ||
| 526 | _aP82 | ||
| 526 | _aP62 | ||
| 526 | _aP59 | ||
| 526 | _aP58 | ||
| 526 | _aP57 | ||
| 526 | _aP51 | ||
| 526 | _aP49 | ||
| 526 | _aP48 | ||
| 526 | _aP47 | ||
| 526 | _aP29 | ||
| 526 | _aP24 | ||
| 526 | _aP20 | ||
| 526 | _aP19 | ||
| 526 | _aP17 | ||
| 526 | _aP15 | ||
| 526 | _aP14 | ||
| 526 | _aP12 | ||
| 526 | _aP10 | ||
| 526 | _aP09 | ||
| 526 | _aP08 | ||
| 526 | _aP07 | ||
| 526 | _aP06 | ||
| 526 | _aP05 | ||
| 526 | _aP04 | ||
| 526 | _aP01 | ||
| 541 | _g0020-0000883; | ||
| 650 | 2 | 4 |
_aAdministración de proyectos. _94935 |
| 650 | 2 | 4 |
_aPlanificación educativa. _94635 |
| 650 | 2 | 4 | _aProyectos de desarrollo. |
| 942 |
_2ddc _cBOOK |
||
| 949 |
_a370.008 MR 16 _wDEWEY _c1 _i42100 _lCCODEBUL1 _mBUL _r0 _sY _tBOOK _u2015-6-16 _xEDUCACION _PP20 _0COMPRA _o.STAFF. Colección General |
||
| 949 |
_a371.207 C48 _wDEWEY _c1 _i74116 _lCCODEBUL1 _mBUL _p12.66 _r0 _sY _tBOOK _u2016-7-26 _xEDUCACION _PP20 _0COMPRA _o.STAFF. Colección General |
||
| 994 |
_aC0 _bPEPRU |
||
| 596 | _a1 | ||
| 999 |
_a370.008 MR 16 _wDEWEY _c59799 _i42100 _d59799 _e2018-10-28 _f2021-11-8 _g5 _lCCODEBUL1 _mBUL _n1 _r0 _sY _tBOOK _u2015-6-16 _xEDUCACION _PP20 _0COMPRA _o.STAFF. Colección General |
||
| 999 |
_a371.207 C48 _wDEWEY _c1 _i74116 _d2019-1-8 _e2019-1-7 _f2021-11-8 _g5 _lCCODEBUL1 _mBUL _n1 _p12.66 _q1 _r0 _sY _tBOOK _u2016-7-26 _xEDUCACION _PP20 _0COMPRA _o.STAFF. Colección General |
||
| 980 |
_81 _gALBERTO SANCHEZ Responsable de Automatización |
||